000 00683cab a2200229 4500
001 WB2812-44
008 090401t1992 xxu||||| |||| 00| 0 eng d
035 _a(Sirsi) u60087
041 _aeng
245 _aVAT on building materials
260 _c1992
350 _a0
490 _aAccountancy Age
_v12 March 1992, 10(1)
520 _aNotes on a VAT case, considering the treatment of carpets, warden control systems, bathroom mirrors and wardrobe doors in sheltered homes.
650 _aSHELTERED ACCOMMODATION
650 _aVALUE ADDED TAX
650 _aWARDEN CONTROL SYSTEMS
650 _aWARDROBE DOORS
690 _aTAXATION
942 _n0
948 _c04/03/1997
999 _c37007
_d37007